The Slovaks of Hungary

Podrobná bibliografia
Hlavní autori: Divičanová, Anna, 1940- (Autor), Krupa, Ondrej, 1934-2015 (Autor)
Médium: Kniha
Jazyk:angličtina
maďarčina
Fyzický popis:128 s. tab. 16 cm
Vydavateľské údaje: Budapest Útmutató Publishing House c1998
ISSN:1418-6276
Edícia:Changing world
Predmet:

MARC

LEADER 00000cam a2200000 a 4500
001 vtls001406586
003 SK-MaSNL
005 20260302034953.0
008 251113s1998 hu a r 00000 eng
015 |a SNBZSA2001-00009 
035 |a SNK000361227 
040 |a SNK  |b slo  |c SNK  |e AACR2 
041 1 |a eng  |h hun 
044 |a hu  |c HU 
080 |a 323.15(=854)(439)=20  |2 1981 
080 |a 304(=854)(439)=20  |2 1981 
100 1 |a Divičanová, Anna,  |d 1940-  |4 aut  |9 219889 
240 1 2 |a A magyarországi Szlovákok  |l Anglicky 
245 1 4 |a The Slovaks of Hungary  |c by Anna Gyivicsán and András Krupa 
260 |a Budapest  |b Útmutató Publishing House  |c c1998 
300 |a 128 s.  |b tab.  |c 16 cm 
490 1 |a Changing world, Multilingual collection  |v vol. 3  |x 1418-6276 
504 |a Obsahuje bibliografiu 
650 0 7 |a Slováci v zahraničí  |2 SNKPH  |9 14695 
651 7 |a Maďarsko  |2 SNKPHgeo  |9 16754 
655 7 |a štúdie  |2 SNKPH  |9 57033 
700 1 |a Krupa, Ondrej,  |d 1934-2015  |4 aut  |9 263987 
830 0 |a Changing world  |9 503511 
852 |a Slovenská národná knižnica 
958 |a ZS 
958 |a TL 
958 |a HU 
958 |a NB 
958 |a OP 
999 |c 1068669  |d 1070599 
952 |t P60, <03>, [BOOK], {603}  |a SNK  |b SNK  |y PREZ  |7 0  |p 17A0293198  |o snkSD 71378  |i snkD 199/2001  |0 0  |1 0  |4 0  |d 2001-02-06  |l 0  |r 2005-01-02 00:00:00  |w 2026-02-24 
952 |t P60, <04>, [BOOK], {604}  |a SNK  |b SNK  |y VYP  |7 0  |p 17A0265879  |o snkSD 71378 D1  |i snkD 200/2001  |0 0  |1 0  |4 0  |d 2001-02-06  |l 0  |r 2005-01-02 00:00:00  |w 2026-02-24